000 00701nam a2200193 i 4500
001 120151
003 ES-MaACL
005 20230906191457.0
007 t|
008 070214m19101913it r ||||1| ita d
100 1 _aPiola, Giuseppe.
_992303
245 1 0 _aDelle persone incapaci /
_cper Giuseppe Piola.
260 _aNapoli :
_bMarghieri,
_c1910-1913.
300 _a2 v. ;
_c24 x 15 cm.
490 1 _aIl Diritto civile italiano secondo la dottrina e la giurisprudenza . Parte seconda, Delle persone ;
_v4-5
830 0 _aIl Diritto civile italiano secondo la dottrina e la giurisprudenza . Parte seconda, Delle persone ;
_v4-5
_9218649
852 _aES-MaACL
_jA-441-42
999 _c120151
_d120151